| 000 | 00468nam a22001937a 4500 | ||
|---|---|---|---|
| 003 | MPLRDC | ||
| 005 | 20220104174136.0 | ||
| 008 | 210129b ||||| |||| 00| 0 eng d | ||
| 020 | _a0-340-35331-7 | ||
| 082 | _a947.416 GOSI | ||
| 100 | _aGOSCINNY AND UDERZO | ||
| 245 |
_aASTERIX AND SON _c |
||
| 250 | _a四版 | ||
| 260 |
_a _bHODDER AND STOUGHTON _c1985 |
||
| 300 | _b平 | ||
| 490 | _aAN ASTERIX ADVENTURE | ||
| 650 | _a漫画 | ||
| 942 |
_cBK _o947.416 GOSI |
||
| 999 |
_c59727 _d59717 |
||